| 000 | 00414cam a2200157 a 4500 | ||
|---|---|---|---|
| 020 | _a0070637415 (v. 1) | ||
| 020 | _a0070637423 (v. 2) | ||
| 040 | _cDLC | ||
| 082 | 0 | 0 | _a975 HIL 1991 A100 Or. |
| 100 | 1 | _aCooper, William J., | |
| 245 | 1 | 4 |
_aThe American South : _ba history / |
| 260 |
_aNew York : _bMcGraw-Hill, _cc1991- |
||
| 300 |
_av. <1, 2 > : _bill. ; _c24 cm. |
||
| 700 | 1 | _aTerrill, Tom E. | |
| 942 | _cEK | ||
| 999 |
_c12757 _d12757 |
||